000
00396nam a2200145Ia 4500
008
090124s9999 xx 000 0 und d
082
_b
122452
245
_a
टोकियो टॉवरवरुन
250
_a
1
260
_c
1988
300
_a
115
630
_a
टोकियो टॉवरवरुन
730
_a
टोकियो टॉवरवरुन
942
_c
BOOK
999
_c
168538
_d
168538